THE COMPLETE HAND BOOK OF NATURE CURE (Record no. 22287)
[ view plain ]
| 000 -LEADER | |
|---|---|
| fixed length control field | 00360nam a22001577a 4500 |
| 003 - CONTROL NUMBER IDENTIFIER | |
| control field | SGT |
| 020 ## - INTERNATIONAL STANDARD BOOK NUMBER | |
| International Standard Book Number | 81-7224-229-8 |
| 082 ## - DEWEY DECIMAL CLASSIFICATION NUMBER | |
| Classification number | 615.535 |
| Item number | N21B |
| 100 ## - MAIN ENTRY--PERSONAL NAME | |
| Personal name | BAKHRU, H.K |
| 245 ## - TITLE STATEMENT | |
| Title | THE COMPLETE HAND BOOK OF NATURE CURE |
| 260 ## - PUBLICATION, DISTRIBUTION, ETC. (IMPRINT) | |
| Place of publication, distribution, etc | AHMEDABAD |
| Name of publisher, distributor, etc | JAICO PUB |
| Year of Publication | 2021 |
| 300 ## - PAGE DESCRIPTION | |
| No. of Pages | 797 |
| 650 ## - SUBJECT ADDED ENTRY--TOPICAL TERM | |
| Topical term or geographic name as entry element | NATUROPATHY |
| 653 ## - KEYWORDS--INDEX TERM | |
| Keyword term | NATURE CURE |
| 942 ## - ADDED ENTRY ELEMENTS (KOHA) | |
| Source of classification or shelving scheme | Dewey Decimal Classification |
| Koha item type | Books |
| 942 ## - ADDED ENTRY ELEMENTS (KOHA) | |
| -- | 37 |
| Withdrawn status | Lost status | Source of classification or shelving scheme | Damaged status | Not for loan | Collection code | Home library | Current library | Shelving location | Date acquired | Vendor Name | Cost, normal purchase price | SGTU | Bill Number | Total Checkouts | Full call number | Accession No. (Barcode) | Date last seen | Date last borrowed | Bill Date | Koha item type | Use restrictions |
|---|---|---|---|---|---|---|---|---|---|---|---|---|---|---|---|---|---|---|---|---|---|
| Dewey Decimal Classification | AYURVEDA | SGT FA-FP Library | SGT FA-FP Library | Text Book | 26/02/2022 | SAVERA BOOK DISTRIBUTERS | 399.00 | SGTU | 21-22/CRB/437 | 17 | 615.535 N21B | FA10925 | 04/02/2026 | 21/01/2026 | 13/01/2022 | Books | |||||
| Dewey Decimal Classification | AYURVEDA | SGT FA-FP Library | SGT FA-FP Library | Text Book | 26/02/2022 | SAVERA BOOK DISTRIBUTERS | 399.00 | SGTU | 21-22/CRB/437 | 11 | 615.535 N21B | FA10926 | 11/12/2025 | 03/12/2025 | 13/01/2022 | Books | |||||
| Dewey Decimal Classification | AYURVEDA | SGT FA-FP Library | SGT FA-FP Library | Text Book | 26/02/2022 | SAVERA BOOK DISTRIBUTERS | 399.00 | SGTU | 21-22/CRB/437 | 12 | 615.535 N21B | FA10927 | 10/12/2025 | 10/12/2025 | 13/01/2022 | Books | |||||
| Dewey Decimal Classification | AYURVEDA | SGT FA-FP Library | SGT FA-FP Library | Reference Book | 26/02/2022 | SAVERA BOOK DISTRIBUTERS | 399.00 | SGTU | 21-22/CRB/437 | 2 | 615.535 N21B | FA10928 | 27/07/2022 | 27/07/2022 | 13/01/2022 | Books | Restricted Access | ||||
| Dewey Decimal Classification | AYURVEDA | SGT FA-FP Library | SGT FA-FP Library | Text Book | 26/02/2022 | SAVERA BOOK DISTRIBUTERS | 399.00 | SGTU | 21-22/CRB/437 | 8 | 615.535 N21B | FA10929 | 18/09/2025 | 22/08/2025 | 13/01/2022 | Books |